| 000 | 00535nam a2200169Ia 4500 | ||
|---|---|---|---|
| 999 |
_c18736 _d18736 |
||
| 003 | OSt | ||
| 005 | 20200707115716.0 | ||
| 008 | 190216s9999||||xx |||||||||||||| ||und|| | ||
| 040 | _coclc | ||
| 082 |
_a973 _bSER/U |
||
| 100 |
_aService, U S Information _93591 |
||
| 245 | 4 |
_aThe United States Of America: _bA Government By The People / _cU S Information Service |
|
| 260 |
_bUnited States Information Service, _c1976. |
||
| 300 | _a107p | ||
| 650 | _aUnited Nations | ||
| 942 |
_cBK _2ddc _h973 _iSER/U _k973 _mSER/U |
||